00424 2200157 4500001002100000005001500021035002000036245007300056100002300129300002700152260003100179082000800210084001400218020002200232990001200254INLIS00000000000267620250904030047 a0010-09250000231 aYuk, Mengonsumsi Makanan Sehat dan Bergizi /cDr. Juwalita Surapsari0 aJuwalita Surapsari a58 hlm ;c14,5 x 21 cm aJakarta :bErlangga,c2022 a600 a600 JUW y a978-623-266-688-7 a0755346